effects du semis direct sur la couverture vegetale sur la matiere organique et le matiere organique et le carbone dans le sol (ឥទ្ធុិពលរបស់ដំណាំគំរបដី ទៅលើសារធាតុសរីរាង្គ និងកាបូននៅក្នុងដី) (Record no. 1457)

000 -LEADER
fixed length control field 00664nam a22001337a 4500
040 ## - CATALOGING SOURCE
Transcribing agency RUA
082 ## - DEWEY DECIMAL CLASSIFICATION NUMBER
Classification number AGR THE 2010 B064 Or.1
100 ## - MAIN ENTRY--AUTHOR NAME
Personal name THENG, PHEAKDEY.
245 ## - TITLE STATEMENT
Title effects du semis direct sur la couverture vegetale sur la matiere organique et le matiere organique et le carbone dans le sol (ឥទ្ធុិពលរបស់ដំណាំគំរបដី ទៅលើសារធាតុសរីរាង្គ និងកាបូននៅក្នុងដី)
260 ## - PUBLICATION, DISTRIBUTION, ETC. (IMPRINT)
Place of publication Phnom Penh
Name of publisher RUA
Year of publication 2010
300 ## - PHYSICAL DESCRIPTION
Number of Pages vi, 40p.
Other physical details ill.
Dimensions 29cm.
856 ## - ELECTRONIC LOCATION AND ACCESS
Uniform Resource Identifier https://drive.google.com/file/d/1558vBTT1h2GUH2BYFJpDCx9Iu53pzrBu/view?usp=sharing
942 ## - ADDED ENTRY ELEMENTS (KOHA)
Koha item type AGR
952 ## - LOCATION AND ITEM INFORMATION (KOHA)
Withdrawn status [LOCAL, KOHA] 0
952 ## - LOCATION AND ITEM INFORMATION (KOHA)
Withdrawn status [LOCAL, KOHA] 0
952 ## - LOCATION AND ITEM INFORMATION (KOHA)
Withdrawn status [LOCAL, KOHA] 0
952 ## - LOCATION AND ITEM INFORMATION (KOHA)
Withdrawn status [LOCAL, KOHA] 0
952 ## - LOCATION AND ITEM INFORMATION (KOHA)
Withdrawn status [LOCAL, KOHA] 0
952 ## - LOCATION AND ITEM INFORMATION (KOHA)
Withdrawn status [LOCAL, KOHA] 0
952 ## - LOCATION AND ITEM INFORMATION (KOHA)
Withdrawn status [LOCAL, KOHA] 0
952 ## - LOCATION AND ITEM INFORMATION (KOHA)
Withdrawn status [LOCAL, KOHA] 0
952 ## - LOCATION AND ITEM INFORMATION (KOHA)
Withdrawn status [LOCAL, KOHA] 0
952 ## - LOCATION AND ITEM INFORMATION (KOHA)
Withdrawn status [LOCAL, KOHA] 0
952 ## - LOCATION AND ITEM INFORMATION (KOHA)
Withdrawn status [LOCAL, KOHA] 0
Holdings
Permanent Location Date acquired Koha item type Lost status Shelving location Barcode Current Location Full call number
Library Block B2015-09-29AGR B064RUA001902Library Block BAGR THE 2010 B064 Or.1
Library Block B2015-09-29AGR B064RUA001980Library Block BAGR THE 2010 B064 Or.2
Library Block B2015-09-29AGR B064RUA001975Library Block BAGR THE 2010 B064 Or.3
Library Block B2015-09-29AGR B064RUA001903Library Block BAGR THE 2010 B064 Or.4
Library Block B2015-09-29AGR B064RUA001977Library Block BAGR THE 2010 B064 Or.5
Library Block B2015-09-29AGR B064RUA017808Library Block BAGR THE 2010 B064 Or.6
Library Block B2015-09-29AGR B064RUA017880Library Block BAGR THE 2010 B064 Or.7
Library Block B2015-09-29AGR B064RUA017519Library Block BAGR THE 2010 B064 Or.8
Library Block B2015-09-29AGR B064RUA017735Library Block BAGR THE 2010 B064 Or.9
Library Block B2015-09-29AGR B064RUA017960Library Block BAGR THE 2010 B064 Or.10
Library Block B2015-09-29AGR B064RUA001909Library Block BAGR THE 2010 B064 Or.11
មជ្ឈមណ្ឌលឯការនៃសាកលវិទ្យាល័យភូមិន្ទកសិកម្មចំការដូង

Powered by Koha